Präludien : Aufsätze und Reden zur Philosophie und ihrer Geschichte /

Enregistré dans:
Détails bibliographiques
Auteur principal: Windelband, Wilhelm (autor)
Format: Livre
Langue:German
Publié: Tubinga, Alemania : Mohr, 1924, c1924
Sujets:
Tags: Ajouter un tag
Pas de tags, Soyez le premier à ajouter un tag!

MARC

LEADER 00000nam^a2200000^a^4500
001 000570703
005 20250521000000.0
009 20260310132233.622
037 |a Acervo Xavier Clavigero 
041 |a ALE 
082 |a 101.  |b WIN 
100 |a Windelband, Wilhelm  |e (autor) 
245 1 0 |a Präludien :  |b Aufsätze und Reden zur Philosophie und ihrer Geschichte /  |c W. Windelband. 
264 4 |a Tubinga, Alemania :  |b Mohr,  |c 1924, c1924 
300 |a 2 v. (VIII, 299, IV, 345 p.) 
336 |a texto  |b txt  |2 rdacontenido 
337 |a sin mediación  |b n  |2 rdamedio 
338 |a volumen  |b nc  |2 rdasoporte 
561 |a Ex libris de Instituto de Literatura Puente Grande, Jal. 
561 |a Ex libris de Bibl. Iunioratus Dom. Prob. S. Ioseph 
561 |a Ex libris de Biblitheca Collegii Maximi Prov. Mexicanae, S.J. 
649 |a XX 
650 |a Etica -  |x Historia y Crítica 
650 |a Estética -  |x Historia y Crítica 
650 |a Filosofía Política -  |x Historia y Crítica 
650 |a Filosofía del Lenguaje -  |x Historia y Crítica 
650 |a Historia -  |x Filosofía 
650 |a Metafísica -  |x Historia y Crítica 
650 |a Epistemología -  |x Historia y Crítica 
650 |a Filosofía de la Naturaleza -  |x Historia y Crítica 
650 |a Antropología Filosófica -  |x Historia y Crítica 
650 |a Filosofía Aplicada 
650 |a Filosofía -  |x Teoría -  |x Tema Principal 
650 |a Filosofía -  |x Historia y Crítica 
650 |a Filosofía 
910 |a Fondo General 
920 |a Impresos - Libros 
930 |a Colección General 
905 |a 101 
901 |a 012275  |b IT1  |c ACC  |i 12275  |u 20250521 
901 |a 012276  |b IT1  |c ACC  |i 12276  |u 20250521 
902 |a https://opac.biblio.iteso.mx/vufind/Record/000570703